Race and the subject of masculinities (Record no. 8944)

MARC details
000 -LEADER
fixed length control field 00624 a2200193 4500
000 - LEADER
fixed length control field BKB
001 - CONTROL NUMBER
control field 135638
005 - DATE AND TIME OF LATEST TRANSACTION
control field 20200902152853.0
008 - FIXED-LENGTH DATA ELEMENTS--GENERAL INFORMATION
fixed length control field
020 ## - INTERNATIONAL STANDARD BOOK NUMBER
International Standard Book Number 0822319667
082 ## - DEWEY DECIMAL CLASSIFICATION NUMBER
Classification number 305.32089
Item number R11R
100 ## - MAIN ENTRY--PERSONAL NAME
Personal name Race and the subject of masculinities
245 1# - TITLE STATEMENT
Title Race and the subject of masculinities
Statement of responsibility, etc edited by Harry Stecopoulos and Michael Uebel
260 ## - PUBLICATION, DISTRIBUTION, ETC. (IMPRINT)
Place of publication, distribution, etc Durham
Name of publisher, distributor, etc Duke University Press
Date of publication, distribution, etc 1997
300 ## - PHYSICAL DESCRIPTION
Extent 418p.
690 ## - LOCAL SUBJECT ADDED ENTRY--TOPICAL TERM (OCLC, RLIN)
Topical term or geographic name as entry element Masculinity; Gender identity; Men-Psychology; Sex role
700 ## - ADDED ENTRY--PERSONAL NAME
Personal name Stecopoulos, Harry ed.
Numeration
Titles and other words associated with a name
700 ## - ADDED ENTRY--PERSONAL NAME
Personal name Uebel, Michael ed.
Holdings
Withdrawn status Lost status Damaged status Not for loan Home library Current library Date acquired Total Checkouts Full call number Barcode Date last seen Date checked out Price effective from Koha item type
        Central University Of Rajasthan Central University Of Rajasthan 11/10/2012 1 305.32089 R11R 11215 21/11/2024 12/11/2021 02/09/2020 Books